000 00233nam a2200097Ia 4500
001 777102
005 20250826165900.0
008 250824s9999 xx 000 0 und d
245 0 _aSPIRITUS
_cAYNUR BAŞKAN
260 _bPORTAKAL YAYINLARI
999 _c777102
_d777102